Educational Status of Scheduled Castes in Costal Region of Andhra Pradesh: (Record no. 38521)

MARC details
000 -LEADER
fixed length control field 00681nam a22001457a 4500
082 ## - DEWEY DECIMAL CLASSIFICATION NUMBER
Classification number RR.0352
100 ## - MAIN ENTRY--AUTHOR NAME
Personal name Rao, D. Pulla
Affiliation Department of Economics, Andhra University
Place Visakhapatnam, Andhra Pradesh
245 ## - TITLE STATEMENT
Title Educational Status of Scheduled Castes in Costal Region of Andhra Pradesh:
Sub Title Attainments and Challenges/
Statement of responsibility, etc D. Pulla Rao
260 ## - PUBLICATION, DISTRIBUTION, ETC. (IMPRINT)
Place of publication Visakhapatnam, Andhra Pradesh:
Name of publisher/Sponsor Indian Council of Social Science Research,
Year of publication 2014
300 ## - PHYSICAL DESCRIPTION
Number of Pages v, 426p.
500 ## - GENERAL NOTE
General note Included Bibliographical References and Appendices
536 ## - FUNDING INFORMATION NOTE
Funding Agency Indian Council of Social Science Research
650 ## - SUBJECT ADDED ENTRY--TOPICAL TERM
Topical Term Scheduled castes (India)
-- Coastal Region
General subdivision Caste--South Asia
Geographic subdivision Andhra Pradesh
942 ## - ADDED ENTRY ELEMENTS (KOHA)
Source of classification or shelving scheme Dewey Decimal Classification
Koha item type Research Reports
Holdings
Withdrawn status Lost status Damaged status Not for loan Collection code Home library Current library Date acquired Source of acquisition Full call number Accession Number Price effective from Koha item type
      Not For Loan Major Research Project Reports NASSDOC Library NASSDOC Library 28/06/2023 Research Report Division RR.0352 53801 28/06/2023 Research Reports